00585nam a22001337a 4500008004100000082001800041245019600059260003700255300001000292710002400302942001200326999001500338952009800353230612b xxu||||| |||| 00| 0 eng d a352.4908bKEN aReport of The Controller and Auditor-General on The Appropriation Accounts, Other Public Accounts and the Accounts of the Funds of the Republic of Kenya for the 2007/2008cGovernment of Kenya aKenyabGovernment of Kenyac2008 a633 p bGovernment of Kenya 2ddccBK c1121d1121 00102ddc4070a001b001d2023-06-12l0o352.4908 KENp100001576r2023-06-12w2023-06-12yBK